000 00767nam a2200289Ia 4500
005 20260324143059.0
008 008 260324s9999 xx 000 0 eng d
020 _a9780429181566
037 _aEBOOK
040 _aCRL
040 _beng
040 _cCRL
041 _2eng
041 _aeng
084 _qCRL
100 _aSergio Albeverio; Jean A. Marion; Raphael J. Hoegh-Krohn; B. Torresani; D. Testard
_91214305
245 0 _aNoncommutative Distributions
245 0 _bUnitary Representation of Gauge Groups and Algebras
260 _bTaylor and Francis
260 _c1993
365 _a
365 _b520
856 _uhttp://www.taylorfrancis.com/books/9780429181566
942 _cEBOOK
999 _c1819300
_d1819300